Statistics for Football stadiums

Click here to take the quiz!

General Stats

  • This quiz has been taken 50 times
  • The average score is 2 of 20

Answer Stats

Hint Answer % Correct
99,786Camp Nou
87%
80,018Stadio Giuseppe Meazza
41%
90,000Wembley Stadium
37%
85,000Stade 5 Juillet 1962
20%
80,667Signal Iduna Park
13%
150,000Rungnado May Day Stadum
9%
81,338Stade de France
9%
81,044Santiago Bernabéu Stadium
4%
131,000Salt Lake Stadium
2%
80,000Beijing National Stadium
2%
100,411Bukit Jalil National Stadium
2%
86,000Borg El Arab Stadium
0%
84,000ANZ Stadium
0%
88,306Gelora Bung Karno Stadium
0%
92,542The Rose Bowl
0%
94,736FNB Soccer City
0%
80,093Estadio Monumental
0%
80,012Guangdong Olympic Sadium
0%
80,000Stade des Martyrs
0%
84,412Azadi Stadium
0%

Score Distribution

Percentile by Number Answered

Percent of People with Each Score

Your Score History

You have not taken this quiz